Pays d'Amérique du Sud avec carte - Statistiques

Statistiques générales
  • Ce quiz a été pris 13 fois
  • Le résultat moyen est 1 sur 14
Réponses sur la Carte
Les réponses sont colorées sur une échelle allant du rouge au vert en fonction du pourcentage des utilisateurs qui les ont devinées à leur premier essai. Vous pouvez retrouver ces pourcentages ci-dessous.
 
Statistiques - réponses
Réponse % Correct
Bolivie
29%
Brésil
29%
Guyane Française
29%
Argentine
14%
Equateur
14%
Guyana
14%
Pérou
14%
Chili
0%
Colombie
0%
Îles Malouines (Royaume-Uni)
0%
Paraguay
0%
Suriname
0%
Uruguay
0%
Venezuela
0%
Aucun quiz correspondant
Distribution des résultats
% des personnes avec chaque résultat
Percentile par nombre de réponses
Votre historique - résultats
Vous n’avez pas pris ce quiz